000 00339nam a2200133Ia 4500
008 191201s2007 xx 000 0 und d
082 _a658.4012
_bWHC
100 _aWheelen
245 0 _aConcepts in Strategic Managment and Business Policy
260 _aN.Delhi
_bPearson Education
_c2007
300 _a-
650 _aMBA
942 _2ddc
_cBK
999 _c2975
_d2975